| 000 -LEADER |
| fixed length control field |
01060nam a2200241Ia 4500 |
| 001 - CONTROL NUMBER |
| control field |
2000 |
| 003 - CONTROL NUMBER IDENTIFIER |
| control field |
GE_BSU |
| 005 - DATE AND TIME OF LATEST TRANSACTION |
| control field |
20221010164654.0 |
| 008 - FIXED-LENGTH DATA ELEMENTS--GENERAL INFORMATION |
| fixed length control field |
181216s2007ru xx |||||||||||||| ||rus|| |
| 020 ## - INTERNATIONAL STANDARD BOOK NUMBER |
| International Standard Book Number |
9785466002186 |
| 040 ## - CATALOGING SOURCE |
| Transcribing agency |
GE_BSU |
| 041 ## - LANGUAGE CODE |
| Language code of text/sound track or separate title |
rus |
| 080 ## - UNIVERSAL DECIMAL CLASSIFICATION NUMBER |
| Universal Decimal Classification number |
339.549(470)(075.8)+34(070)(075.8) ) Т-17 |
| 245 ## - TITLE STATEMENT |
| Title |
Таможное право Учубник : |
| Remainder of title |
Ин-ут. Законодательства и сравнительного правоведения при провительстве Российской федераций / |
| Statement of responsibility, etc. |
А.А. Гравина, Отв ред. А.Ф. Ноздрачев. |
| 264 ## - PRODUCTION, PUBLICATION, DISTRIBUTION, MANUFACTURE, AND COPYRIGHT NOTICE |
| Place of production, publication, distribution, manufacture |
Москва : |
| Name of producer, publisher, distributor, manufacturer |
Волтерс Клувер, |
| Date of production, publication, distribution, manufacture, or copyright notice |
2007. |
| 300 ## - PHYSICAL DESCRIPTION |
| Extent |
688 с.: |
| Other physical details |
21 см. |
| 653 ## - INDEX TERM--UNCONTROLLED |
| keyword |
Таможное право Учубни |
| 653 ## - INDEX TERM--UNCONTROLLED |
| keyword |
საბაჟო სამართლი |
| 653 ## - INDEX TERM--UNCONTROLLED |
| keyword |
სამართლი |
| 700 ## - ADDED ENTRY--PERSONAL NAME |
| Personal name |
Гравина,А.А. и др. |
| Relator term |
ავტორი |
| 9 (RLIN) |
15213 |
| 700 ## - ADDED ENTRY--PERSONAL NAME |
| Personal name |
Ноздрачев, А.Ф. |
| Relator term |
რედაქტორი |
| 9 (RLIN) |
15214 |
| 942 ## - ADDED ENTRY ELEMENTS (KOHA) |
| Koha item type |
წიგნი |
| Source of classification or shelving scheme |
|